000 00584nam a2200205 a 4500
005 20210219152851.0
008 991125n 000 0 eng u
035 _aUPN01000064135
100 _aMorgan, Sharon R.
222 _aPSYCHOLOGY IN THE SCHOOLS
245 _aA analysis of behavioral differences of emotionally disturbed children assessed high on creativity
300 _a301-306
362 _a1992 29, No. 4
505 _aMayo 1993
653 0 _aCONDUCTA
653 0 _aCREATIVIDAD
653 0 _aTRASTORNOS EMOCIONALES
904 _aAC
_b001946
905 _aArticulo
999 _c62435
_d62435